Basic principles of drug discovery and development / (Record no. 97766)
[ view plain ]
| 000 -LEADER | |
|---|---|
| fixed length control field | 00789nam a2200241 a 4500 |
| 003 - CONTROL NUMBER IDENTIFIER | |
| control field | OSt |
| 005 - DATE AND TIME OF LATEST TRANSACTION | |
| control field | 20250523113142.0 |
| 008 - FIXED-LENGTH DATA ELEMENTS--GENERAL INFORMATION | |
| fixed length control field | |
| 020 ## - INTERNATIONAL STANDARD BOOK NUMBER | |
| International Standard Book Number | 9780124115088 (paperback) |
| 040 ## - CATALOGING SOURCE | |
| Transcribing agency | NUST |
| 100 1# - MAIN ENTRY--PERSONAL NAME | |
| Personal name | Blass, Benjamin, E. |
| 245 10 - TITLE STATEMENT | |
| Title | Basic principles of drug discovery and development / |
| Statement of responsibility, etc. | Benjamin, E. Blass. |
| 260 ## - PUBLICATION, DISTRIBUTION, ETC. | |
| Place of publication, distribution, etc. | London : |
| Name of publisher, distributor, etc. | Academic Press, |
| Date of publication, distribution, etc. | 2015. |
| 300 ## - PHYSICAL DESCRIPTION | |
| Extent | xv, 574 pages : |
| Other physical details | illustrations (some colour) ; |
| Dimensions | 23 cm. |
| 336 ## - CONTENT TYPE | |
| Content type term | text |
| Content type code | txt |
| Source | rdacontent |
| 337 ## - MEDIA TYPE | |
| Media type term | unmediated |
| Media type code | n |
| Source | rdamedia |
| 338 ## - CARRIER TYPE | |
| Carrier type term | Volume |
| Carrier type code | nc |
| Source | rdacarrier |
| 504 ## - BIBLIOGRAPHY, ETC. NOTE | |
| Bibliography, etc. note | Includes bibliographical references. |
| 650 ## - SUBJECT ADDED ENTRY--TOPICAL TERM | |
| Topical term or geographic name entry element | Drug Development |
| 650 ## - SUBJECT ADDED ENTRY--TOPICAL TERM | |
| Topical term or geographic name entry element | Drug Discovery |
| 907 ## - LOCAL DATA ELEMENT G, LDG (RLIN) | |
| a | .b10399963 |
| b | 28-02-22 |
| c | 23-03-21 |
| 942 ## - ADDED ENTRY ELEMENTS (KOHA) | |
| Koha item type | Ordinary Loan Books |
| Call number prefix | RM301.25 |
| Call number suffix | BLA |
| Source of classification or shelving scheme | |
| Withdrawn status | Lost status | Source of classification or shelving scheme | Damaged status | Not for loan | Collection | Home library | Current library | Shelving location | Date acquired | Source of acquisition | Cost, normal purchase price | Total Checkouts | Full call number | Barcode | Date last seen | Cost, replacement price | Price effective from | Koha item type | Public note | Accession number |
|---|---|---|---|---|---|---|---|---|---|---|---|---|---|---|---|---|---|---|---|---|
| LCC | NFIC | MEDICAL | MEDICAL | GEN | 01/20/2023 | Book Aid International | 219.00 | RM301.25 BLA | 92004047380 | 01/20/2023 | 219.00 | 01/20/2023 | BOOKS | Donation | ||||||
| LCC | NFIC | MEDICAL | MEDICAL | GEN | 05/15/2025 | Book Aid International | 219.00 | RM301.25 | 92004053119 | 05/15/2025 | 219.00 | 05/15/2025 | BOOKS | Donation | 59844 |